|
|
|
|
| LEADER |
02863nam a22005775i 4500 |
| 001 |
978-3-642-19173-2 |
| 003 |
DE-He213 |
| 005 |
20170120135833.0 |
| 007 |
cr nn 008mamaa |
| 008 |
110215s2011 gw | s |||| 0|eng d |
| 020 |
|
|
|a 9783642191732
|9 978-3-642-19173-2
|
| 024 |
7 |
|
|a 10.1007/978-3-642-19173-2
|2 doi
|
| 040 |
|
|
|d GrThAP
|
| 050 |
|
4 |
|a QA76.9.D3
|
| 072 |
|
7 |
|a UN
|2 bicssc
|
| 072 |
|
7 |
|a UMT
|2 bicssc
|
| 072 |
|
7 |
|a COM021000
|2 bisacsh
|
| 082 |
0 |
4 |
|a 005.74
|2 23
|
| 245 |
1 |
0 |
|a Web and Wireless Geographical Information Systems
|h [electronic resource] :
|b 10th International Symposium, W2GIS 2011, Kyoto, Japan, March 3-4, 2011. Proceedings /
|c edited by Katsumi Tanaka, Peter Fröhlich, Kyoung-Sook Kim.
|
| 264 |
|
1 |
|a Berlin, Heidelberg :
|b Springer Berlin Heidelberg :
|b Imprint: Springer,
|c 2011.
|
| 300 |
|
|
|a X, 241 p. 99 illus., 56 illus. in color.
|b online resource.
|
| 336 |
|
|
|a text
|b txt
|2 rdacontent
|
| 337 |
|
|
|a computer
|b c
|2 rdamedia
|
| 338 |
|
|
|a online resource
|b cr
|2 rdacarrier
|
| 347 |
|
|
|a text file
|b PDF
|2 rda
|
| 490 |
1 |
|
|a Lecture Notes in Computer Science,
|x 0302-9743 ;
|v 6574
|
| 520 |
|
|
|a This book constitutes the refereed proceedings of the 10th International Symposium on Web and Wireless Geographical Information Systems, W2GIS 2011, held in Kyoto, Japan, in March 2011. A total of 13 full and 3 short papers plus 2 short keynote papers presented were carefully reviewed and selected from 36 submissions. The papers cover a wide range of topics including geographic information retrieval on the web, geo-spatial semantic and sensor web, location-based services, advanced GIS visualization techniques, personalization and adjustment for mobile GIS applications, and geo-spatial data quality and context processing.
|
| 650 |
|
0 |
|a Computer science.
|
| 650 |
|
0 |
|a Computer communication systems.
|
| 650 |
|
0 |
|a Database management.
|
| 650 |
|
0 |
|a Information storage and retrieval.
|
| 650 |
|
0 |
|a Multimedia information systems.
|
| 650 |
|
0 |
|a User interfaces (Computer systems).
|
| 650 |
1 |
4 |
|a Computer Science.
|
| 650 |
2 |
4 |
|a Database Management.
|
| 650 |
2 |
4 |
|a Information Storage and Retrieval.
|
| 650 |
2 |
4 |
|a Information Systems Applications (incl. Internet).
|
| 650 |
2 |
4 |
|a Multimedia Information Systems.
|
| 650 |
2 |
4 |
|a Computer Communication Networks.
|
| 650 |
2 |
4 |
|a User Interfaces and Human Computer Interaction.
|
| 700 |
1 |
|
|a Tanaka, Katsumi.
|e editor.
|
| 700 |
1 |
|
|a Fröhlich, Peter.
|e editor.
|
| 700 |
1 |
|
|a Kim, Kyoung-Sook.
|e editor.
|
| 710 |
2 |
|
|a SpringerLink (Online service)
|
| 773 |
0 |
|
|t Springer eBooks
|
| 776 |
0 |
8 |
|i Printed edition:
|z 9783642191725
|
| 830 |
|
0 |
|a Lecture Notes in Computer Science,
|x 0302-9743 ;
|v 6574
|
| 856 |
4 |
0 |
|u http://dx.doi.org/10.1007/978-3-642-19173-2
|z Full Text via HEAL-Link
|
| 912 |
|
|
|a ZDB-2-SCS
|
| 912 |
|
|
|a ZDB-2-LNC
|
| 950 |
|
|
|a Computer Science (Springer-11645)
|